000 00683nam a22001817a 4500
005 20251030093727.0
008 251016b |||||||| |||| 00| 0 eng d
020 _a9781426221675
082 _aDC 363.680973 Y75 2022
100 _aYogerst, Joe.
_968865
245 _a100 cities 5000 ideas :
_bwhere to go, when to go, what to see, what to do /
_cJoe Yogerst.
260 _aWashington, DC :
_bNationa Geographic,
_c©2022.
300 _a399 pages :
_bcolor illustrations ;
_c22 cm.
500 _aIncludes index.
650 0 _aNational parks and reserves
_zUnited States
_xGuidebooks.
_969053
650 0 _aNational parks and reserves
_zCanada
_xGuidebooks.
_969054
942 _2ddc
_cDC
999 _c24063
_d24063